Airports by Satellite Images - Statistics

General Stats
  • This quiz has been taken 180 times
  • The average score is 9 of 15
Answer Stats
Picture Answer % Correct
Amsterdam (AMS)
84%
Tokyo (HND)
79%
Los Angeles (LAX)
76%
London (LHR)
75%
Dubai (DXB)
73%
Singapore (SIN)
69%
Sydney (SYD)
62%
Barcelona (BCN)
59%
Zurich (ZRH)
56%
Shanghai (PVG)
55%
Cairo (CAI)
51%
Mumbai (BOM)
48%
Vancouver (YVR)
43%
Sao Paulo (GRU)
31%
Taipei (TPE)
20%
No matching quizzes found
Score Distribution
Percent of People with Each Score
Percentile by Number Answered
Your Score History
You have not taken this quiz